[Event "Oberliga Nord W 2122"]
[Site "Germany"]
[Date "2022.05.29"]
[Round "6.3"]
[White "Bredemeier, Dirk"]
[Black "Bach, Matthias"]
[Result "1-0"]
[WhiteElo "2230"]
[BlackElo "2238"]
[PlyCount "71"]
[EventDate "2021.10.10"]
[EventType "team-tourn"]
[EventRounds "9"]
[EventCountry "GER"]
[SourceTitle "EXT 2024"]
[Source "ChessBase"]
[SourceDate "2023.10.10"]
[SourceVersion "1"]
[SourceVersionDate "2023.10.10"]
[SourceQuality "1"]
[WhiteTeam "Oldenburg Union"]
[BlackTeam "Werder Bremen III"]
[WhiteTeamCountry "GER"]
[BlackTeamCountry "GER"]

1. c4 Nf6 2. g3 g6 3. Bg2 Bg7 4. Nc3 0-0 5. d3 c6 6. e4 e5 7. Nge2 Na6 8. 0-0 Nc7 9. f4 exf4 10. Bxf4 d5 11. cxd5 cxd5 12. e5 Nd7 13. d4 Nb6 14. b3 Be6 15. Qd2 Qe7 16. Bh6 Rac8 17. Bxg7 Kxg7 18. Rf4 f6 19. exf6+ Rxf6 20. Rxf6 Qxf6 21. Rf1 Qe7 22. Qe3 Qd6 23. Qg5 Nd7 24. Nf4 Re8 25. Nh5+ Kh8 26. Nf4 Qb4 27. Nxg6+ hxg6 28. Qh6+ Kg8 29. Qxg6+ Kh8 30. Rf4 Qe7 31. Rh4+ Qxh4 32. gxh4 Re7 33. Qg5 Rg7 34. Qd8+ Kh7 35. Qxc7 Bh3 36. Qg3 1-0

[Event "Oberliga Nord W 2122"]
[Site "Germany"]
[Date "2022.04.24"]
[Round "5.3"]
[White "Walter, Stefan1111"]
[Black "Bredemeier, Dirk"]
[Result "1/2-1/2"]
[WhiteElo "2387"]
[BlackElo "2238"]
[PlyCount "161"]
[EventDate "2021.10.10"]
[EventType "team-tourn"]
[EventRounds "9"]
[EventCountry "GER"]
[SourceTitle "EXT 2023"]
[Source "ChessBase"]
[SourceDate "2022.10.05"]
[SourceVersion "1"]
[SourceVersionDate "2022.10.05"]
[SourceQuality "1"]
[WhiteTeam "Lister Turm"]
[BlackTeam "Oldenburg Union"]
[WhiteTeamCountry "GER"]
[BlackTeamCountry "GER"]

1. d4 Nf6 2. Nf3 c5 3. d5 b5 4. e4 Nxe4 5. Bd3 Nd6 6. 0-0 e6 7. Bf4 Bb7 8. Re1 c4 9. Bf1 Be7 10. a4 a6 11. axb5 axb5 12. Rxa8 Bxa8 13. Qd4 0-0 14. Nc3 Nf5 15. Qa7 b4 16. Qxa8 bxc3 17. bxc3 Qb6 18. Nd2 Nc6 19. Nxc4 Qc5 20. Qb7 exd5 21. Nb6 Qxc3 22. Rb1 Nb4 23. Nxd5 Nxd5 24. Qxd5 g6 25. Bd3 Qd4 26. Qxd4 Nxd4 27. Rb7 Ne6 28. Rxd7 Nxf4 29. Rxe7 Nxd3 30. cxd3 Rd8 31. Re3 h5 32. h4 Kg7 33. Kf1 Kf6 34. Ke2 Kf5 35. Re7 f6 36. Ke3 g5 37. Re4 Ra8 38. hxg5 fxg5 39. Re7 h4 40. Rf7+ Ke6 41. Rb7 Ra5 42. Rb2 Kd5 43. Re2 Ra4 44. Rc2 Rg4 45. Kf3 Rf4+ 46. Ke3 Rg4 47. f3 Ra4 48. Rc4 Ra5 49. Re4 Kd6 50. Kf2 Rf5 51. Ra4 Rb5 52. Ke3 Re5+ 53. Kd2 Rb5 54. Rg4 Rf5 55. Ke3 Re5+ 56. Kf2 Rd5 57. Kg1 Ke6 58. Kh2 Kf5 59. d4 Ra5 60. Re4 Rd5 61. Kh3 Rd6 62. Kh2 Rd5 63. Kg1 Ra5 64. Kf2 Ra2+ 65. Re2 Ra5 66. Rd2 Ke6 67. g3 hxg3+ 68. Kxg3 Rf5 69. Ra2 Rf4 70. Ra6+ Kf5 71. Rd6 Rh4 72. Rd5+ Kf6 73. Rd8 Ke7 74. Rd5 Kf6 75. Kf2 g4 76. Kg3 gxf3 77. Kxf3 Ke6 78. Re5+ Kd6 79. Ke3 Rg4 80. Rh5 Rg1 81. Ke4 1/2-1/2

[Event "Oberliga Nord W 1920"]
[Site "Germany"]
[Date "2020.01.19"]
[Round "5.2"]
[White "Bredemeier, Dirk"]
[Black "Varga, Zoltan"]
[Result "0-1"]
[WhiteElo "2271"]
[BlackElo "2416"]
[PlyCount "104"]
[EventDate "2019.09.29"]
[EventType "team-tourn"]
[EventRounds "9"]
[EventCountry "GER"]
[SourceTitle "CBM 195 Extra"]
[Source "ChessBase"]
[SourceDate "2020.05.31"]
[SourceVersion "1"]
[SourceVersionDate "2020.05.31"]
[SourceQuality "1"]

1. c4 Nf6 2. g3 c6 3. Bg2 d5 4. Nf3 dxc4 5. 0-0 Nbd7 6. Na3 Nb6 7. Qc2 Qd5 8. Ne1 Qf5 9. e4 Qh5 10. Nxc4 Nxc4 11. Qxc4 e5 12. d3 Bd6 13. b4 0-0 14. Bd2 Rd8 15. f3 Be6 16. Qc3 Nd7 17. Nc2 a6 18. Be3 Rac8 19. a4 f6 20. Rfd1 Qf7 21. Rab1 b5 22. axb5 cxb5 23. Qb2 Ba2 24. Ra1 Bb3 25. Rdc1 Ba4 26. Ne1 Qe7 27. Bd2 Nb8 28. Bh3 Rc6 29. Kf1 Qf7 30. Rab1 Bf8 31. Bg4 g6 32. Bh3 Kg7 33. Ke2 Rdd6 34. Ng2 Rxc1 35. Rxc1 Nc6 36. Bc3 Nd4+ 37. Kf2 Nb3 38. Rd1 h5 39. Ne3 Qa7 40. f4 exf4 41. gxf4 Kh7 42. d4 Bh6 43. Kf3 Qc7 44. e5 fxe5 45. fxe5 Qf7+ 46. Ke2 Qf4 47. Ng2 Qxh2 48. exd6 Qxh3 49. Rg1 Nc1+ 50. Kf1 Qf3+ 51. Qf2 Qd3+ 52. Ke1 Qd1# 0-1

[Event "Oberliga Nord W 1920"]
[Site "Germany"]
[Date "2019.09.29"]
[Round "1.2"]
[White "Kovacevic, Aleksandar"]
[Black "Bredemeier, Dirk"]
[Result "1-0"]
[WhiteElo "2472"]
[BlackElo "2271"]
[PlyCount "79"]
[EventDate "2019.09.29"]
[EventType "team-tourn"]
[EventRounds "9"]
[EventCountry "GER"]
[SourceTitle "CBM 195 Extra"]
[Source "ChessBase"]
[SourceDate "2020.05.31"]
[SourceVersion "1"]
[SourceVersionDate "2020.05.31"]
[SourceQuality "1"]

1. e4 c5 2. Nf3 e6 3. d4 cxd4 4. Nxd4 Nc6 5. Nc3 Qc7 6. Be2 a6 7. 0-0 Nf6 8. Be3 Bb4 9. Na4 Be7 10. Nxc6 bxc6 11. Nb6 Rb8 12. Nxc8 Qxc8 13. Bd4 Qc7 14. e5 Nd5 15. c4 Nf4 16. g3 c5 17. Bc3 Nh3+ 18. Kh1 Ng5 19. Bf3 Nxf3 20. Qxf3 Qb7 21. Qxb7 Rxb7 22. Rad1 0-0 23. Rd2 Ra8 24. Rfd1 Raa7 25. Ba5 f6 26. f4 Kf7 27. Re2 Ra8 28. Kg2 Rab8 29. b3 Ra8 30. Rd3 h5 31. f5 exf5 32. exf6 Kxf6 33. Bc3+ Kf7 34. Bxg7 d5 35. Bc3 d4 36. Bd2 Rf8 37. Bh6 Rh8 38. Bf4 h4 39. Rf3 hxg3 40. hxg3 1-0

[Event "Oberliga Nord W 1819"]
[Site "Germany"]
[Date "2019.03.24"]
[Round "8.1"]
[White "Voege, Tobias"]
[Black "Bredemeier, Dirk"]
[Result "1-0"]
[WhiteElo "2258"]
[BlackElo "2294"]
[PlyCount "93"]
[EventDate "2018.10.21"]
[EventType "team-tourn"]
[EventRounds "9"]
[EventCountry "GER"]
[SourceTitle "EXT 2020"]
[Source "ChessBase"]
[SourceDate "2019.10.17"]
[SourceVersion "1"]
[SourceVersionDate "2019.10.17"]
[SourceQuality "1"]
[WhiteTeam "Lister Turm"]
[BlackTeam "Oldenburg Union"]
[WhiteTeamCountry "GER"]
[BlackTeamCountry "GER"]

1. d4 d5 2. c4 e6 3. Nc3 c5 4. Nf3 Nc6 5. cxd5 exd5 6. g3 Nf6 7. Bg2 Be7 8. 0-0 0-0 9. Bg5 cxd4 10. Nxd4 h6 11. Nxc6 bxc6 12. Be3 Bf5 13. Na4 h5 14. Rc1 Qd7 15. Nc5 Bxc5 16. Bxc5 Rfe8 17. Bd4 Nh7 18. b3 Ng5 19. Re1 Bh3 20. Bh1 h4 21. Qd2 f6 22. Bb2 Rad8 23. Qc3 Rc8 24. gxh4 Ne4 25. Qf3 Rb8 26. Bg2 Bg4 27. Qf4 Nd6 28. f3 Be6 29. e4 a5 30. Qg3 Kh8 31. e5 Nf5 32. Qg6 Bf7 33. Qg4 Rb4 34. f4 Qa7+ 35. Kh1 Nh6 36. Qg3 Nf5 37. Qd3 Rxf4 38. exf6 Rxe1+ 39. Rxe1 g6 40. h5 gxh5 41. Bh3 Qf2 42. Rf1 Qxb2 43. Rxf4 Nd6 44. Qg3 Ne8 45. Qg5 d4 46. Rf1 Bd5+ 47. Qxd5 1-0

[Event "Oberliga Nord W 1819"]
[Site "Germany"]
[Date "2018.11.11"]
[Round "2.1"]
[White "Bredemeier, Dirk"]
[Black "Lingnau, Carsten"]
[Result "1/2-1/2"]
[WhiteElo "2294"]
[BlackElo "2423"]
[PlyCount "53"]
[EventDate "2018.10.21"]
[EventType "team-tourn"]
[EventRounds "9"]
[EventCountry "GER"]
[SourceTitle "EXT 2020"]
[Source "ChessBase"]
[SourceDate "2019.10.17"]
[SourceVersion "1"]
[SourceVersionDate "2019.10.17"]
[SourceQuality "1"]
[WhiteTeam "Oldenburg Union"]
[BlackTeam "Hellern"]
[WhiteTeamCountry "GER"]
[BlackTeamCountry "GER"]

1. d4 Nf6 2. c4 e6 3. Nc3 Bb4 4. e3 0-0 5. Nge2 d5 6. a3 Be7 7. Nf4 c6 8. h3 Bd6 9. cxd5 cxd5 10. Bd3 Nc6 11. 0-0 b6 12. b4 Bb7 13. Nh5 Rc8 14. Bb2 Bb8 15. Nxf6+ Qxf6 16. f4 Ne7 17. g4 g5 18. Ne2 Qh6 19. Kg2 f5 20. fxg5 Qxg5 21. Nf4 Ng6 22. Bc1 Qh4 23. gxf5 Nxf4+ 24. exf4 exf5 25. Qf3 Kh8 26. Bd2 Qf6 27. Qf2 1/2-1/2

[Event "Oberliga Nord W 1617"]
[Site "Germany"]
[Date "2017.02.19"]
[Round "6.1"]
[White "Bredemeier, Dirk"]
[Black "Steffens, Olaf"]
[Result "1-0"]
[WhiteElo "2301"]
[BlackElo "2248"]
[PlyCount "87"]
[EventDate "2016.10.16"]
[EventType "team-tourn"]
[EventRounds "9"]
[EventCountry "GER"]
[SourceTitle "EXT 2018"]
[Source "ChessBase"]
[SourceDate "2017.10.13"]
[SourceVersion "1"]
[SourceVersionDate "2017.10.13"]
[SourceQuality "1"]
[WhiteTeam "Oldenburg Union"]
[BlackTeam "Werder Bremen"]
[WhiteTeamCountry "GER"]
[BlackTeamCountry "GER"]

1. c4 b6 2. Nc3 Ba6 3. b3 g6 4. Bb2 Bg7 5. Nf3 e6 6. Qc2 Nf6 7. e3 d5 8. Be2 0-0 9. 0-0 c5 10. d3 Nc6 11. a3 d4 12. exd4 cxd4 13. Na2 Nh5 14. g3 e5 15. Nd2 Bb7 16. b4 a5 17. Bf3 Qd7 18. Rfe1 Rae8 19. Qd1 Nf6 20. b5 Nd8 21. a4 Re6 22. Nc1 Rfe8 23. Ncb3 h5 24. c5 Bxf3 25. Qxf3 Ng4 26. Qd1 f5 27. Nc4 h4 28. Nxb6 Rxb6 29. cxb6 hxg3 30. hxg3 Ne6 31. Bc1 Bf6 32. f3 Ne3 33. Rxe3 dxe3 34. Bxe3 f4 35. Bf2 Qd5 36. Nd2 fxg3 37. Bxg3 e4 38. Rc1 Ng5 39. Nxe4 Rxe4 40. dxe4 Bd4+ 41. Kg2 Qd7 42. Qb3+ Kf8 43. Rh1 Bxb6 44. Qd5 1-0

[Event "Oberliga Nord W 1314"]
[Site "Germany"]
[Date "2014.04.06"]
[Round "9.4"]
[White "Petkidis, Anthony"]
[Black "Bredemeier, Dirk"]
[Result "0-1"]
[WhiteElo "2185"]
[BlackElo "2248"]
[PlyCount "80"]
[EventDate "2013.10.13"]
[EventType "team-tourn"]
[EventRounds "9"]
[EventCountry "GER"]
[SourceTitle "EXT 2015"]
[Source "ChessBase"]
[SourceDate "2014.11.20"]
[SourceVersion "1"]
[SourceVersionDate "2014.11.20"]
[SourceQuality "1"]
[WhiteTeam "Lister Turm"]
[BlackTeam "Oldenburg Union"]
[WhiteTeamCountry "GER"]
[BlackTeamCountry "GER"]

1. e4 c5 2. Nf3 e6 3. d4 cxd4 4. Nxd4 Nc6 5. Nc3 Qc7 6. Be3 a6 7. Bd3 Nf6 8. 0-0 Nxd4 9. Bxd4 Bc5 10. Bxc5 Qxc5 11. Kh1 e5 12. Qd2 0-0 13. f4 d6 14. Nd5 Nxd5 15. exd5 f5 16. c4 a5 17. Qc3 e4 18. Be2 b6 19. Rad1 Ba6 20. Rd4 Rac8 21. a4 Ra8 22. Qe3 Bc8 23. h3 Bd7 24. b3 Rae8 25. Kh2 Re7 26. g4 g6 27. Kg3 h6 28. g5 Rh7 29. h4 hxg5 30. hxg5 Kf7 31. Rfd1 Rfh8 32. Bf1 Rh1 33. Kf2 R8h2+ 34. Ke1 Qb4+ 35. R4d2 Rh3 36. Qd4 e3 37. Qf6+ Ke8 38. Ke2 R1h2+ 39. Bg2 Rxg2+ 40. Kf1 Rxd2 0-1

[Event "Oberliga Nord W 1314"]
[Site "Germany"]
[Date "2013.10.13"]
[Round "1.4"]
[White "Bredemeier, Dirk"]
[Black "Issing, Peter"]
[Result "1-0"]
[WhiteElo "2248"]
[BlackElo "2177"]
[PlyCount "81"]
[EventDate "2013.10.13"]
[EventType "team-tourn"]
[EventRounds "9"]
[EventCountry "GER"]
[SourceTitle "EXT 2015"]
[Source "ChessBase"]
[SourceDate "2014.11.20"]
[SourceVersion "1"]
[SourceVersionDate "2014.11.20"]
[SourceQuality "1"]
[WhiteTeam "Oldenburg Union"]
[BlackTeam "Bremer SG"]
[WhiteTeamCountry "GER"]
[BlackTeamCountry "GER"]

1. d4 Nf6 2. c4 e6 3. Nc3 c5 4. d5 exd5 5. cxd5 d6 6. e4 g6 7. Bd3 Bg7 8. h3 0-0 9. Nf3 a6 10. a4 Nbd7 11. Bf4 Re8 12. 0-0 Qe7 13. Re1 Qf8 14. Bh2 Bh6 15. e5 dxe5 16. Nxe5 Nxe5 17. Bxe5 Nd7 18. Bh2 Bg7 19. Rxe8 Qxe8 20. Qd2 Nf6 21. Re1 Qd8 22. Bc4 Bd7 23. d6 Qb6 24. Re7 Rf8 25. Nd5 Nxd5 26. Rxd7 Nf6 27. Re7 h6 28. b3 Qd8 29. Qd3 b5 30. axb5 axb5 31. Bxb5 Qa5 32. Bg3 Nh5 33. Bc4 Qa1+ 34. Kh2 Nxg3 35. Qxg3 g5 36. d7 Qd4 37. Bb5 Bf6 38. Re8 Kg7 39. Qb8 Qf4+ 40. Qxf4 gxf4 41. Kg1 1-0

[Event "Oberliga Nord W 1213"]
[Site "Germany"]
[Date "2012.11.25"]
[Round "3.3"]
[White "Bredemeier, Dirk"]
[Black "Gentemann, Moritz"]
[Result "1/2-1/2"]
[WhiteElo "2243"]
[BlackElo "2182"]
[PlyCount "63"]
[EventDate "2012.10.14"]
[EventType "team-tourn"]
[EventRounds "9"]
[EventCountry "GER"]
[SourceTitle "EXT 2014"]
[Source "ChessBase"]
[SourceDate "2013.11.20"]
[SourceVersion "1"]
[SourceVersionDate "2013.11.20"]
[SourceQuality "1"]
[WhiteTeam "Oldenburg Union"]
[BlackTeam "Lister Turm"]
[WhiteTeamCountry "GER"]
[BlackTeamCountry "GER"]

1. d4 Nf6 2. c4 e6 3. Nc3 Bb4 4. g3 c5 5. Nf3 Ne4 6. Qd3 Qa5 7. Qxe4 Bxc3+ 8. Bd2 Bxd2+ 9. Nxd2 0-0 10. dxc5 Na6 11. Bg2 Nxc5 12. Qc2 Qb6 13. 0-0 a5 14. Rfd1 d6 15. Ne4 Nxe4 16. Bxe4 g6 17. Rd3 Qc7 18. Qd2 Ra6 19. b3 Rd8 20. Rd1 Qc5 21. Rd4 Kg7 22. Bf3 b5 23. Rh4 h5 24. cxb5 Qxb5 25. Rc4 Qe5 26. Rdc1 Bd7 27. Bb7 Rb6 28. Bf3 a4 29. Re4 Qf6 30. Rf4 Qe5 31. Re4 Qf6 32. Rf4 1/2-1/2

[Event "Oberliga Nord W 1112"]
[Site "Germany"]
[Date "2011.10.02"]
[Round "1.5"]
[White "Raabe, Peter"]
[Black "Bredemeier, Dirk"]
[Result "1/2-1/2"]
[WhiteElo "2165"]
[BlackElo "2248"]
[PlyCount "30"]
[EventDate "2011.10.02"]
[EventType "team-tourn"]
[EventRounds "9"]
[EventCountry "GER"]
[SourceTitle "EXT 2013"]
[Source "ChessBase"]
[SourceDate "2012.11.22"]
[SourceVersion "1"]
[SourceVersionDate "2012.11.22"]
[SourceQuality "1"]
[WhiteTeam "Uelzen Post"]
[BlackTeam "Oldenburg Union"]
[WhiteTeamCountry "GER"]
[BlackTeamCountry "GER"]

1. d4 e6 2. Nf3 c5 3. c3 Nc6 4. e4 d5 5. exd5 Qxd5 6. Be3 cxd4 7. Nxd4 Nxd4 8. Qxd4 Nf6 9. Nd2 Bd7 10. Nf3 Bd6 11. Rd1 Qxd4 12. Bxd4 Ke7 13. Ne5 Bxe5 14. Bxe5 Rhd8 15. Be2 Bc6 1/2-1/2

[Event "Oberliga Nord W 0910"]
[Site "Germany"]
[Date "2009.12.13"]
[Round "4.5"]
[White "Raabe, Peter"]
[Black "Bredemeier, Dirk"]
[Result "0-1"]
[WhiteElo "2168"]
[BlackElo "2233"]
[PlyCount "78"]
[EventDate "2009.10.18"]
[EventType "team-tourn"]
[EventRounds "9"]
[EventCountry "GER"]
[SourceTitle "EXT 2011"]
[Source "ChessBase"]
[SourceDate "2010.11.26"]
[SourceVersion "1"]
[SourceVersionDate "2010.11.26"]
[SourceQuality "1"]
[WhiteTeam "Uelzen Post"]
[BlackTeam "Oldenburg Union"]
[WhiteTeamCountry "GER"]
[BlackTeamCountry "GER"]

1. d4 e6 2. Nf3 c5 3. c3 Nf6 4. Bf4 Nc6 5. e3 d5 6. Nbd2 a6 7. a4 Bd6 8. Bg3 0-0 9. Bd3 Re8 10. Ne5 Bxe5 11. dxe5 Nd7 12. Nf3 h6 13. Bb1 Qc7 14. Qc2 Nf8 15. 0-0 b6 16. e4 dxe4 17. Qxe4 Bb7 18. Qe3 Ne7 19. Be4 Nd5 20. Qe2 Bc6 21. Bd3 Ne7 22. Bxa6 Bxf3 23. gxf3 Nf5 24. Bd3 Ng6 25. Rfe1 Nge7 26. Be4 Ra7 27. Red1 h5 28. Bxf5 Nxf5 29. Bf4 Rea8 30. Qe4 b5 31. a5 Rxa5 32. Rxa5 Rxa5 33. b4 Ra3 34. Qd3 cxb4 35. Qxb5 Qxc3 36. Qe8+ Kh7 37. Be3 Qxe5 38. Qxf7 Nxe3 39. f4 Qf5 0-1

[Event "Oberliga Nord W 0910"]
[Site "Germany"]
[Date "2009.10.18"]
[Round "1.4"]
[White "Hummel, Dirk"]
[Black "Bredemeier, Dirk"]
[Result "1-0"]
[WhiteElo "2240"]
[BlackElo "2233"]
[PlyCount "81"]
[EventDate "2009.10.18"]
[EventType "team-tourn"]
[EventRounds "9"]
[EventCountry "GER"]
[SourceTitle "EXT 2011"]
[Source "ChessBase"]
[SourceDate "2010.11.26"]
[SourceVersion "1"]
[SourceVersionDate "2010.11.26"]
[SourceQuality "1"]
[WhiteTeam "Melle III"]
[BlackTeam "Oldenburg Union"]
[WhiteTeamCountry "GER"]
[BlackTeamCountry "GER"]

1. d4 e6 2. c4 Nf6 3. Nc3 Bb4 4. Qc2 d5 5. cxd5 Qxd5 6. Nf3 Qf5 7. Qd1 e5 8. e3 0-0 9. Be2 Nc6 10. 0-0 Rd8 11. a3 exd4 12. exd4 Be7 13. Be3 Nd5 14. h3 Bf6 15. Bd3 Qh5 16. Ne4 Be7 17. Ng3 Nxe3 18. fxe3 Qh6 19. Qe2 Be6 20. Qf2 Bh4 21. Nxh4 Qxh4 22. Be4 Ne7 23. Bxb7 Rab8 24. Bf3 a5 25. Rac1 Rb5 26. Rxc7 Rdb8 27. Rc2 Bb3 28. Rd2 Bc4 29. Be2 Bxe2 30. Qxf7+ Kh8 31. Rxe2 h6 32. Rf4 Qxg3 33. Qxe7 Rg5 34. Ref2 Rc8 35. Rf8+ Rxf8 36. Qxf8+ Kh7 37. Qf3 Qc7 38. Qe4+ Kg8 39. Qf4 Qc1+ 40. Kh2 Rb5 41. d5 1-0

[Event "Oberliga Nord W 0809"]
[Site "Germany"]
[Date "2009.02.01"]
[Round "6.5"]
[White "Bredemeier, Dirk"]
[Black "Kawalec, Andrew"]
[Result "1/2-1/2"]
[WhiteElo "2237"]
[BlackElo "2093"]
[PlyCount "143"]
[EventDate "2008.10.05"]
[EventType "team-tourn"]
[EventRounds "9"]
[EventCountry "GER"]
[SourceTitle "EXT 2010"]
[Source "ChessBase"]
[SourceDate "2010.11.25"]
[SourceVersion "1"]
[SourceVersionDate "2010.11.25"]
[SourceQuality "1"]
[WhiteTeam "Oldenburg Union"]
[BlackTeam "Bremen Nord"]
[WhiteTeamCountry "GER"]
[BlackTeamCountry "GER"]

1. d4 Nf6 2. c4 e6 3. Nc3 Bb4 4. g3 0-0 5. Bg2 c5 6. Nf3 d5 7. cxd5 Nxd5 8. Bd2 cxd4 9. Nxd5 Bxd2+ 10. Qxd2 Qxd5 11. Qxd4 Nc6 12. Qxd5 exd5 13. 0-0 Re8 14. e3 Bg4 15. h3 Bh5 16. Rfd1 Rad8 17. Rac1 Re7 18. g4 Bg6 19. Nd4 Nb4 20. a3 Nd3 21. Rc2 Be4 22. Rcd2 Nc5 23. Nf5 Bxf5 24. gxf5 b6 25. Rxd5 Rxd5 26. Rxd5 h6 27. Rd8+ Kh7 28. Bd5 Nd7 29. e4 g6 30. fxg6+ fxg6 31. Kg2 Nf6 32. f4 Nxe4 33. Bxe4 Rxe4 34. Rd7+ Kg8 35. Kf3 Ra4 36. h4 Ra5 37. Ke4 Rh5 38. Rxa7 Rxh4 39. Ke5 Rh5+ 40. Kf6 Rf5+ 41. Kxg6 Rxf4 42. Rb7 Kf8 43. Kxh6 Rf6+ 44. Kg5 Rc6 45. Kf5 Ke8 46. Ke5 Kd8 47. Kd5 Rh6 48. Kc4 Kc8 49. Re7 Rh5 50. a4 Rc5+ 51. Kb4 Rh5 52. Ra7 Kb8 53. Rd7 Kc8 54. Re7 Rg5 55. b3 Rc5 56. Rf7 Kb8 57. Rd7 Kc8 58. Rd4 Kb7 59. Rc4 Rh5 60. Re4 Rg5 61. Kc4 Rc5+ 62. Kd4 Rh5 63. b4 Rg5 64. Re7+ Kc6 65. Re6+ Kc7 66. Kc4 Rh5 67. Re7+ Kc6 68. b5+ Kd6 69. Re4 Kc7 70. Kb4 Rh1 71. Kc4 Rh5 72. Kb4 1/2-1/2